Financial Management and Policy. (Record no. 634)

MARC details
000 -LEADER
fixed length control field 00435nam a22001817a 4500
005 - DATE AND TIME OF LATEST TRANSACTION
control field 20180710100840.0
008 - FIXED-LENGTH DATA ELEMENTS--GENERAL INFORMATION
fixed length control field 160512b xxu||||| |||| 00| 0 eng d
020 ## - INTERNATIONAL STANDARD BOOK NUMBER
ISBN 81-203-2048-4
041 ## - LANGUAGE CODE
Language code of text/sound track or separate title eng
082 ## - DEWEY DECIMAL CLASSIFICATION NUMBER
Item number 1586
Classification number 658.15
100 ## - MAIN ENTRY--AUTHOR NAME
Personal name Horne, James C.VAN.
245 ## - TITLE STATEMENT
Title Financial Management and Policy.
250 ## - EDITION STATEMENT
Edition statement 12th ed.
260 ## - PUBLICATION, DISTRIBUTION, ETC. (IMPRINT)
Place of publication New Delhi
Name of publisher PHI,
300 ## - PHYSICAL DESCRIPTION
Number of Pages 814p,
650 ## - SUBJECT ADDED ENTRY--TOPICAL TERM
Topical Term Management
942 ## - ADDED ENTRY ELEMENTS (KOHA)
Koha item type Books
Holdings
Lost status Damaged status Collection code Home library Current library Shelving location Date acquired Cost, normal purchase price Full call number Accession Number Koha item type
    MANAGEMENT JRU Library JRU Library SHELF-60-K 12/05/2016 325.00 658.15 1586 Books
    MANAGEMENT JRU Library JRU Library SHELF-60-K 12/05/2016 325.00 658.15 1587 Books
    MANAGEMENT JRU Library JRU Library SHELF-60-K 12/05/2016 325.00 658.15 1588 Books
    MANAGEMENT JRU Library JRU Library SHELF-60-K 12/05/2016 325.00 658.15 1589 Books